000 00393nam a2200169Ia 4500
005 20250423100227.0
008 250422s9999 xx 000 0 und d
020 _a9788189757502
050 _aT 385 .K86/
100 _aKumari, Naveen
245 0 _aModeling and simulation
260 _aNew Delhi
260 _bS. K. Kataria and Sons
260 _c2014
300 _a242 p
942 _cBK
999 _c32663
_d32663